<?xml version="1.0" encoding="UTF-8"?>
<marc:record xmlns:marc="http://www.loc.gov/MARC21/slim">
   <marc:leader>00000nam a2200000 a 4500</marc:leader>
   <marc:datafield ind1="1" ind2=" " tag="100">
      <marc:subfield code="a">Kolf, Lianne</marc:subfield>
      <marc:subfield code="4">aut</marc:subfield>
      <marc:subfield code="e">Verfasser/-in</marc:subfield>
   </marc:datafield>
   <marc:datafield ind1=" " ind2=" " tag="653">
      <marc:subfield code="a">Literatur</marc:subfield>
   </marc:datafield>
   <marc:datafield ind1=" " ind2=" " tag="653">
      <marc:subfield code="a">Karriere</marc:subfield>
   </marc:datafield>
   <marc:datafield ind1=" " ind2=" " tag="653">
      <marc:subfield code="a">Agentin</marc:subfield>
   </marc:datafield>
   <marc:datafield ind1=" " ind2=" " tag="653">
      <marc:subfield code="a">München</marc:subfield>
   </marc:datafield>
   <marc:datafield ind1=" " ind2=" " tag="653">
      <marc:subfield code="a">Buchherstellung</marc:subfield>
   </marc:datafield>
   <marc:datafield ind1="0" ind2="0" tag="245">
      <marc:subfield code="a">Agentinnen gab es damals nur bei James Bond</marc:subfield>
   </marc:datafield>
   <marc:datafield ind1="0" ind2="0" tag="245">
      <marc:subfield code="b">von Bestsellern und Büchermenschen</marc:subfield>
   </marc:datafield>
   <marc:datafield ind1="0" ind2="0" tag="245">
      <marc:subfield code="c">Lianne Kolf</marc:subfield>
   </marc:datafield>
   <marc:datafield ind1=" " ind2="1" tag="264">
      <marc:subfield code="a">München</marc:subfield>
      <marc:subfield code="b">penhaligon</marc:subfield>
      <marc:subfield code="c">2022</marc:subfield>
   </marc:datafield>
   <marc:datafield ind1=" " ind2=" " tag="250">
      <marc:subfield code="a">1</marc:subfield>
   </marc:datafield>
   <marc:datafield ind1="1" ind2=" " tag="520">
      <marc:subfield code="a">Für die einen ist sie Gründerpersönlichkeit und Legende der Buchbranche, andere bezeichnen sie liebevoll als "Trüffelschwein", sie selbst sieht sich als "Kupplerin" zwischen Verlagen und Autorinnen. Lianne Kolf gründete 1982 die erste literarische Agentur für deutschsprachige Autorinnen und hat seitdem zahlreiche Bestseller auf den Weg gebracht. Jetzt erzählt sie aus ihrem Leben, das selbst wie ein Romanstoff ist: von der Kindheit in Starnberg als Tochter geflüchteter Eltern, die Rumänien noch lange als eigentliche Heimat begreifen, über die Zeit als Buchhändlerin und Vertriebsleitung im pulsierenden München der 1960er und 70er Jahre bis hin zu den Erfolgen und auch Tiefschlägen ihrer mehr als 40 Jahre unter Büchermenschen.</marc:subfield>
   </marc:datafield>
   <marc:datafield ind1=" " ind2=" " tag="020">
      <marc:subfield code="a">9783764508258</marc:subfield>
      <marc:subfield code="9">9783764508258</marc:subfield>
   </marc:datafield>
   <marc:datafield ind1=" " ind2=" " tag="020">
      <marc:subfield code="a">3764508256</marc:subfield>
      <marc:subfield code="9">3764508256</marc:subfield>
   </marc:datafield>
   <marc:datafield ind1=" " ind2=" " tag="300">
      <marc:subfield code="a">271 S.</marc:subfield>
   </marc:datafield>
</marc:record>
